|
|
|
|
| LEADER |
01067nab a2200289 i 4500 |
| 001 |
publ36070 |
| 005 |
20250221110822.0 |
| 008 |
250221s2025 hu o 000 eng d |
| 022 |
|
|
|a 2077-0383
|
| 024 |
7 |
|
|a 10.3390/jcm14051412
|2 doi
|
| 024 |
7 |
|
|a 35774539
|2 mtmt
|
| 040 |
|
|
|a SZTE Publicatio Repozitórium
|b hun
|
| 041 |
|
|
|a eng
|
| 100 |
2 |
|
|a Aghasizadeh Sherbaf Reza
|
| 245 |
1 |
0 |
|a Oral Health Status and Factors Associated with Oral Health in Patients with Alzheimer’s Disease
|h [elektronikus dokumentum] :
|b A Matched Case-Control Observational Study /
|c Aghasizadeh Sherbaf Reza
|
| 260 |
|
|
|c 2025
|
| 300 |
|
|
|a 18
|
| 490 |
0 |
|
|a JOURNAL OF CLINICAL MEDICINE
|v 14 No. 5
|
| 650 |
|
4 |
|a Klinikai orvostan
|
| 650 |
|
4 |
|a Egészségtudományok
|
| 700 |
0 |
1 |
|a Kaposvári George Michel
|e aut
|
| 700 |
0 |
1 |
|a Nagy Katalin
|e aut
|
| 700 |
0 |
1 |
|a Pákáski Magdolna
|e aut
|
| 700 |
0 |
1 |
|a Gajdács Márió
|e aut
|
| 700 |
0 |
2 |
|a Varga-Matusovits Danica
|e aut
|
| 700 |
0 |
2 |
|a Baráth Zoltán Lajos
|e aut
|
| 856 |
4 |
0 |
|u http://publicatio.bibl.u-szeged.hu/36070/1/jcm-14-01412.pdf
|z Dokumentum-elérés
|